Nové trendy v cestovnom ruchu vo svete a na Slovensku bakalárska práca

Guardado en:
Detalles Bibliográficos
Autor principal: Pavlisová, Katarína
Autor Corporativo: Obchodná fakulta EU. Katedra služieb a cestovného ruchu - zrušené
Otros Autores: Veszprémi Sirotková, Anna, 1966-
Formato: Libro
Lenguaje:eslovaco
Publicado: Bratislava 2009
Etiquetas: Agregar Etiqueta
Sin Etiquetas, Sea el primero en etiquetar este registro!

MARC

LEADER 00000nam$a2200000$$$4500
001 0102829
005 20240318140238.4
041 0 |a slo 
044 |a SK 
245 1 0 |a Nové trendy v cestovnom ruchu vo svete a na Slovensku  |b bakalárska práca  |c Katarína Pavlisová ; škol. Anna Sirotková 
264 1 |a Bratislava  |c 2009 
300 |a 62 s. 
100 1 |a Pavlisová, Katarína 
700 1 |a Veszprémi Sirotková, Anna, 1966- 
710 2 |a Obchodná fakulta EU. Katedra služieb a cestovného ruchu - zrušené